Cyclisme : Top 20 de la Classique Bruges-De Panne 2025 - Statistiques

Statistiques générales
  • Ce quiz a été pris 23 fois
  • Le résultat moyen est 7 sur 20
Statistiques - réponses
Position Equipe Coureur % Correct
1er UAE Team Emirates Juan Sebastian Molano
94%
2eme Lidl - Trek Jonathan Milan
88%
4eme Bahrain Victorious Phil Bauhaus
65%
3eme EF Education - Easy Post Madis Mihkels
53%
7eme Cofidis Alexis Renard
47%
5eme Uno-X Mobility Erlend Blikra
47%
6eme XDS Astana Max Kanter
47%
11eme Arkéa - B&B Hotels Luca Mozzato
41%
19eme Groupama-FDJ Clément Russo
35%
17eme RedBull - Bora-Hansgrohe Danny Van Poppel
35%
9eme Jayco AlUla Dylan Groenewegen
35%
8eme Intermarché - Wanty Laurenz Rex
29%
10eme RedBull - Bora-Hansgrohe Sam Welsford
18%
16eme XDS Astana Yevgeniy Fedorov
18%
13eme Unibet Tietema Rockets Davide Bomboi
12%
18eme Lidl Trek Simone Consonni
12%
14eme Alpecin-Deceuninck Fabio Van den Bossche
6%
20eme Alpecin-Deceuninck Jonas Rickaert
6%
12eme Israel - Premier Tech Riley Pickrell
6%
15eme Soudal - Quick Step Luke Lamperti
0%
Aucun quiz correspondant
Distribution des résultats
% des personnes avec chaque résultat
Percentile par nombre de réponses
Votre historique - résultats
Vous n’avez pas pris ce quiz